| 000 | 00000nam##2200000za#4500 |
| 001 | 9.687688 |
| 003 | CaOODSP |
| 005 | 20220818080145 |
| 007 | cr ||||||||||| |
| 008 | 150407|2005||||xxc|||||o f|0| 0 eng|d |
| 020 | |a0-662-41138-2 |
| 040 | |aCaOODSP|beng |
| 043 | |an-cn--- |
| 086 | 1 |aIP54-3/2005E-PDF |
| 110 | 2 |aOffice of the Privacy Commissioner of Canada. |
| 245 | 10|aLearning from a decade of experience : |h[electronic resource]|bQuebec's Private Sector Privacy Act |
| 260 | |aOttawa - Ontario : |bOffice of the Privacy Commissioner of Canada |c2005. |
| 300 | |a70p. |
| 500 | |aThe catalogue number and ISBN for the bilingual print edition have been incorrectly copied in this electronic publication. |
| 520 | 3 |aThis report is mainly a summary of decisions rendered by the Commission d’accès à l’information under the Québec Private Sector Act (An Act respecting the protection of personal information in the private sector). It is intended to assist in the interpretation of similar legislation, particularly the federal Protection of Personal Information and Electronic Documents Act, as well as to inform possible amendments to this Act. |
| 590 | |a05-46|b2005-11-18 |
| 690 | 07|aPrivacy|2gcpds |
| 775 | 08|tLeçons tirées de dix ans d'expérience : |w(CaOODSP)9.632132 |
| 776 | 0#|tLearning from a decade of experience : |w(CaOODSP)9.666737 |
| 776 | 0#|tLeçons tirées de dix ans d'expérience : |w(CaOODSP)9.666738 |
| 856 | 40|ahttp://publications.gc.ca|qPDF|s1421 KB|uhttps://publications.gc.ca/collections/Collection/IP54-3-2005E.pdf |